| 000 | 01809cam a22004574i 4500 | ||
|---|---|---|---|
| 003 | PE-LiUPU | ||
| 005 | 20250731172937.0 | ||
| 008 | 150623s r 000 0 d | ||
| 020 | _a0802843050 | ||
| 035 | _a(Sirsi) i9780802843050 | ||
| 040 |
_aPE-LiUPU _bspa _cPE-LiUPU _erda |
||
| 049 | _aPRUA | ||
| 082 | 0 | 4 |
_a251 _bC25 _221 |
| 100 | 1 |
_aCapon, Robert Farrar, _eautor. |
|
| 245 | 1 | 4 |
_aThe foolishness of preaching : _bproclaiming the gospel against the wisdom of the world / _cRobert Farrar Capon. |
| 264 | 1 |
_aMichigan : _bWilliam B. Eerdmans Publishing Company, _c1998. |
|
| 300 |
_a154 páginas ; _c23 centímetros |
||
| 336 |
_atext _2rdacontent |
||
| 337 |
_aunmediated _2rdamedia |
||
| 338 |
_avolume _2rdacarrier |
||
| 490 | 0 | _aThe George Craig Stewart lectures for 1996 | |
| 505 | 0 | _aThe bedrock of preaching: Passion play. -A passion for the passion. -Stumbling blocks. -The biggest obstacle. -Grim pills. -Antidotes. -The practice of preaching: The ingredients of preaching. -Unfinished business. -Preaching from notes. -Preaching from a manuscript. -Synchronicity, serendipity, spontaneity. -Epilogue: Cigars at our house. | |
| 526 | _aSEG42 | ||
| 526 | _aSEG41 | ||
| 526 | _aSEG40 | ||
| 526 | _aSEG39 | ||
| 526 | _aP94 | ||
| 526 | _aP87 | ||
| 526 | _aP86 | ||
| 526 | _aP85 | ||
| 526 | _aP77 | ||
| 526 | _aP76 | ||
| 526 | _aP35 | ||
| 650 | 0 | 4 | _aSermones. |
| 942 |
_2ddc _cBOOK |
||
| 949 |
_a251 C25 _wDEWEY _c1 _i44435 _lCCODEBUL1 _mBUL _r0 _sY _tBOOK _u2015-6-24 _xTEOLOGIA _PP35 _0COMPRA _o.STAFF. Colección General |
||
| 994 |
_aC0 _bPEPRU |
||
| 596 | _a1 | ||
| 999 |
_a251 C25 _wDEWEY _c21311 _i44435 _f2021-11-10 _g5 _lCCODEBUL1 _mBUL _r0 _sY _tBOOK _u2015-6-24 _xTEOLOGIA _PP35 _0COMPRA _o.STAFF. Colección General _d21311 |
||
| 980 |
_81 _gALBERTO SANCHEZ Responsable de Automatización |
||